• 首页
  • 本馆介绍
  • 公告通知
  • 最新文献
  • 馆藏检索
  • 电子资源
  • 读者导购
  • 参考咨询
  • 我的图书馆
  • 登录
  • 详细信息显示
  • 放入我的书架
  • 预约/预借图书
  • 作者相关作品
  • 分类相关作品
  • 丛书相关作品
  • 出版社相关作品

书目信息

  • 表格格式
  • 工作单格式
  • 卡片格式
题名:
我国商业银行交叉金融业务及影响研究
    
 
作者: 邹昌波 著
分册:  
出版信息: 成都   四川大学出版社  2020.9
页数: 178页
开本: 21cm
丛书名: 博士文库
单 册:
中图分类: F832.33
科图分类:
主题词: 商业银行--shang ye yin hang--银行业务--研究--中国
电子资源:
ISBN: 978-7-5690-3870-5
000 01362oam2 2200265 450
001 2160545199
005 20210928130734.0
010    @a978-7-5690-3870-5@dCNY48.00
100    @a20200923d2020 em y0chiy50 ea
101 0  @achi
102    @aCN@b510000
105    @ay v 000yy
106    @ar
200 1  @a我国商业银行交叉金融业务及影响研究@Awo guo shang ye yin hang jiao cha jin rong ye wu ji ying xiang yan jiu@f邹昌波…[等]著
210    @a成都@c四川大学出版社@d2020.9
215    @a178页@d21cm
225 2  @a博士文库@Abo shi wen ku
304    @a著者还有:张力、张雄、刘育言
330    @a本书以商业银行交叉金融业务作为研究对象,首先从国内外研究现状出发,分析了我国商业银行金融创新的动因、内容与特征,并采用理论建模、博弈分析、实证检验等多种手段分别从商业银行的金融创新对银行经营绩效、银行风险、企业经营绩效以及宏观经济发展四个方面进行分析,进一步构建了我国商业银行金融创新对宏观经济波动影响的DSGE模型,并对金融创新对经济增长的关系进行了实证检验。本书对交叉金融业务这一商业银行金融业务创新的前沿领域进行了深入分析,系统研究了我国商业银行金融创新的发展历程和特征及其对宏微观经济的影响,具有较好的理论和学术意义。
461  0 @12001 @a博士文库
606 0  @a商业银行@Ashang ye yin hang@x银行业务@x研究@y中国
690    @aF832.33@v5
701  0 @a邹昌波@Azou chang bo@f(1980-)@4著
801  0 @aCN@b百万庄@c20210926
905    @b1301431-34@dF832.33@e202@f4
    
    我国商业银行交叉金融业务及影响研究/邹昌波…[等]著.-成都:四川大学出版社,2020.9
    178页;21cm.-(博士文库)
    
    
    ISBN 978-7-5690-3870-5:CNY48.00
    本书以商业银行交叉金融业务作为研究对象,首先从国内外研究现状出发,分析了我国商业银行金融创新的动因、内容与特征,并采用理论建模、博弈分析、实证检验等多种手段分别从商业银行的金融创新对银行经营绩效、银行风险、企业经营绩效以及宏观经济发展四个方面进行分析,进一步构建了我国商业银行金融创新对宏观经济波动影响的DSGE模型,并对金融创新对经济增长的关系进行了实证检验。本书对交叉金融业务这一商业银行金融业务创新的前沿领域进行了深入分析,系统研究了我国商业银行金融创新的发展历程和特征及其对宏微观经济的影响,具有较好的理论和学术意义。
●
相关链接 在E读中查询图书 在五车中查询图书 在当当中查询图书 在豆瓣中查询图书


正题名:我国商业银行交叉金融业务及影响研究     索取号:F832.33/202         预约/预借

序号 登录号 条形码 馆藏地/架位号 状态 备注
1 1301431   213014316   第一样本阅览室/ [索取号:F832.33/202] 在馆    
2 1301432   213014325   第一借阅区/ [索取号:F832.33/202] 在馆    
3 1301433   213014334   第一借阅区/ [索取号:F832.33/202] 在馆    
4 1301434   213014343   第一借阅区/ [索取号:F832.33/202] 在馆    
唐山师范学院图书馆 欢迎您!
大连网信软件有限公司© 版权所有